| 000 | 00416nam a22001697a 4500 | ||
|---|---|---|---|
| 003 | NUST - PNEC | ||
| 005 | 20170116181137.0 | ||
| 008 | 151007b xxu||||| |||| 00| 0 eng d | ||
| 020 | _a8173591229 | ||
| 040 | _cLIBRARY | ||
| 082 | _a671.52 BAW | ||
| 100 |
_914414 _aBawa, H.S. |
||
| 245 |
_aPrinciples of welding technology _cH.S. Bawa |
||
| 260 | _cc.1999 | ||
| 650 |
_914416 _aWelding _xEE |
||
| 942 |
_2ddc _cBK |
||
| 999 |
_c70317 _d70317 |
||